Transport modeling for environmental engineers and scientists /

"Transport Modeling for Environmental Engineers and Scientists, Second Edition, builds on integrated transport courses in chemical engineering curricula, demonstrating the underlying unity of mass and momentum transport processes. It describes how these processes underlie the mechanics common to bot...

Full description

Saved in:
Bibliographic Details
Main Author: Clark, Mary Higgins, 1929-2020
Format: Book
Language:English
Published: Hoboken, N.J. Wiley 2009.
Edition:2nd ed.
Series:Environmental science and technology
Subjects:
Online Access:Publisher description
Table of contents only
Contributor biographical information
View in OPAC
Tags: Add Tag
No Tags, Be the first to tag this record!

MARC

LEADER 00000cam a2200000 a 4500
005 20260127133925.0
008 100614s2009 njua b 001 0 eng
010 |a 2009-025905 
015 |a GBA8A9371  |2 bnb 
016 7 |a 014754145  |2 Uk 
020 |a 9780470260722 
020 |a 0470260726 
035 |a vtls010105736 
039 9 |a 202002030914  |b AUTHORITY  |c 201610261416  |d AUTHORITY  |y 201006140842  |z mschk03 
040 |a DLC  |c DLC  |d YDX  |d BTCTA  |d BAKER  |d YDXCP  |d CDX  |d BWX  |d UKM  |d IXA  |d DLC  |d STUSCHK1 
082 0 0 |a 628.5/2  |2 22 
100 1 |a Clark, Mary Higgins,  |d 1929-2020  |9 118 
245 1 0 |a Transport modeling for environmental engineers and scientists /  |c Mark M. Clark. 
250 |a 2nd ed. 
260 |a Hoboken, N.J.  |b Wiley  |c 2009. 
300 |a xxx, 630 p.  |b ill.  |c 25 cm. 
490 0 |a Environmental science and technology 
504 |a Includes bibliographical references and index. 
520 |a "Transport Modeling for Environmental Engineers and Scientists, Second Edition, builds on integrated transport courses in chemical engineering curricula, demonstrating the underlying unity of mass and momentum transport processes. It describes how these processes underlie the mechanics common to both pollutant transport and pollution control processes"--Provided by publisher. 
650 0 |a Environmental chemistry  |x Mathematical models. 
650 0 |a Transport theory  |x Mathematical models. 
856 4 2 |3 Publisher description  |u http://www.loc.gov/catdir/enhancements/fy0913/2009025905-d.html 
856 4 1 |3 Table of contents only  |u http://www.loc.gov/catdir/enhancements/fy0914/2009025905-t.html 
856 4 2 |3 Contributor biographical information  |u http://www.loc.gov/catdir/enhancements/fy0916/2009025905-b.html 
906 |a 7  |b cbc  |c orignew  |d 1  |e ecip  |f 20  |g y-gencatlg 
910 |a SCHK95 
919 |a 978-0-470-26072-2 
925 0 |a acquire  |b 2 shelf copies  |x policy default 
955 |d xh11 2009-07-01 to shelflisting  |e xh10 2009-07-02 to Dewey  |w rd05 2009-07-02  |f xh14 2010-01-13 Z-CipVer 
999 |c 136  |d 136